000 00706nam a22002177a 4500
003 KOHA_MİRAKIL
005 20260415072927.0
008 260414b tu ||||| |||| 00| 0 tur d
040 _aTR-AnABB
_btur
_cTR-AnABB
041 _atur
082 _a338.9561
_bSEK 1987
100 1 _aŞeker, Murat
245 1 0 _aGüneydoğu Anadolu projesi :
_bsosyal ve ekonomik sorunlar /
_cMurat Şeker
260 _aAnkara :
_bV yayınları,
_c1987
300 _a152 sayfa ;
_c20 cm
500 _aYazar tarafından Prof. Dr. Ruşen Keleş için imzalanmıştır.
650 0 4 _aEkonomik politika, Türkiye
650 0 4 _aEkonomik politika
900 _bCan ÇELIK
942 _2ddc
_cBK
999 _c10220
_d10220